Chargement en cours...
Information systems control and audit /
| Auteur principal: | |
|---|---|
| Langue: | Undetermined |
| Publié: |
South Asia :
Pearson Education ,
2011.
|
| Sujets: |
| LEADER | 00583nam a2200181Ia 4500 | ||
|---|---|---|---|
| 001 | 170943 | ||
| 008 | 170722s9999 xx 000 0 und d | ||
| 020 | |a 8178086018 | ||
| 100 | |a Weber, Ron | ||
| 245 | |a Information systems control and audit / | ||
| 260 | |a South Asia : |b Pearson Education , |c 2011. | ||
| 300 | |a xxiv+1013p | ||
| 653 | |a Information Systems | ||
| 653 | |a Management | ||
| 923 | |d 20110304 |n 461 | ||
| 942 | |c GEN | ||
| 999 | |c 145641 |d 145641 | ||
| 952 | |0 0 |1 0 |4 0 |6 1380BX8_N92N921 |7 0 |9 205690 |a LIB |b LIB |d 2013-03-25 |e Current Books |o 13:80bX:8 N92-N92;1 |p 283506 |r 2017-08-12 |w 2017-08-12 |y GEN | ||